Využitie hĺbkovej analýzy údajov v prognózovaní správania zákazníkov dizertačná práca

Enregistré dans:
Détails bibliographiques
Auteur principal: Ponechal, Marián
Collectivité auteur: Ekonomická univerzita v Bratislave. Fakulta hospodárskej informatiky
Autres auteurs: Terek, Milan
Format: Livre
Langue:slovaque
Publié: Bratislava 2010
Sujets:
Tags: Ajouter un tag
Pas de tags, Soyez le premier à ajouter un tag!

MARC

LEADER 00000nam a2200000 4500
001 0124824
005 20221207094932.6
041 0 |a slo 
044 |a SK 
245 1 0 |a Využitie hĺbkovej analýzy údajov v prognózovaní správania zákazníkov  |b dizertačná práca  |c Marián Ponechal ; škol. Milan Terek 
264 1 |a Bratislava  |c 2010 
300 |a 144 s. 
610 2 0 |a analýzy 
610 2 0 |a prognózovanie 
610 2 0 |a prognózy 
610 2 0 |a prognózy hospodárske 
610 2 0 |a správanie spotrebiteľa 
610 2 0 |a zákazníci 
100 1 |a Ponechal, Marián 
700 1 |a Terek, Milan 
710 2 |a Ekonomická univerzita v Bratislave. Fakulta hospodárskej informatiky